| 000 | 00000nam##2200000za#4500 |
| 001 | 9.699424 |
| 003 | CaOODSP |
| 005 | 20250319161556 |
| 007 | cr ||||||||||| |
| 008 | 150407|2002||||xxc|||||o f|0| 0 eng|d |
| 040 | |aCaOODSP|beng |
| 043 | |an-cn--- |
| 086 | 1 |aH164-171/2002E-PDF |
| 110 | 1 |aCanada. |bHealth Products and Food Branch. |
| 245 | 10|aReport on the workshop by and for youth, February 21, 2002 in partnership with YouCAN! / |h[electronic resource]|c[by] Office of Consumer and Public Involvement (OCAPI). |
| 260 | |aOttawa - Ontario : |bHealth Canada. |cJune 2002. |
| 300 | |a44p.|bcoloured figs., graphs, tables |
| 590 | |a14-13-Supp|b2014-06-23 |
| 690 | 07|aFood|2gcpds |
| 690 | 07|aHealth care products|2gcpds |
| 690 | 07|aOutreach services|2gcpds |
| 690 | 07|aYouth|2gcpds |
| 775 | 08|tRapport sur l'atelier par et pour les jeunes, 21 février 2002, en partnariat avec YouCAN! / |w(CaOODSP)9.643475 |
| 856 | 40|ahttp://publications.gc.ca|qPDF|s543 KB|uhttps://publications.gc.ca/collections/collection_2014/sc-hc/H164-171-2002-eng.pdf |